| 000 | 00332nam a2200109 4500 | ||
|---|---|---|---|
| 999 |
_c10598 _d10598 |
||
| 008 | 180907b ||||| |||| 00| 0 eng d | ||
| 245 | _aBOI strengthens info campaign on investment policies, procedures. | ||
| 260 |
_aPhilippines _bThe Philippine Star _cc2016 |
||
| 300 | _apage 10. | ||
| 650 | 0 |
_931010 _aInvestments. |
|
| 942 |
_2ddc _cPER |
||